[Event "World Blitz Championship"]
[Site "Moscow RUS"]
[Date "2019.12.29"]
[EventDate "2019.12.29"]
[Round "8.28"]
[Result "1-0"]
[White "Hao Wang"]
[Black "Gadir Guseinov"]
[WhiteElo "2756"]
[BlackElo "2666"]
[PlyCount "158"]

1. d4 d5 2. Nf3 Nf6 3. Bf4 c5 4. e3 Nc6 5. Nbd2 cxd4 6. exd4 Bg4 7. c3 Bxf3 8.
Nxf3 e6 9. Qb3 Qc8 10. Bd3 Be7 11. O-O O-O 12. a4 Qd7 13. Rfe1 Bd6 14. Bg3 Bxg3
15. hxg3 Qc7 16. Qc2 h6 17. Qe2 Rfe8 18. Qe3 a6 19. Ne5 Nxe5 20. dxe5 Nd7 21. g4
f6 22. exf6 Nxf6 23. g5 hxg5 24. Qxg5 Rad8 25. Bg6 Re7 26. Rad1 e5 27. Rd3 Nh7
28. Bxh7+ Kxh7 29. Rh3+ Kg8 30. Rh5 d4 31. Qh4 d3 32. Rh8+ Kf7 33. Qh5+ Ke6 34.
Qg6+ Kd7 35. Qxd3+ Kc8 36. Rxd8+ Qxd8 37. Qf5+ Kb8 38. Rxe5 Ka7 39. Rxe7 Qxe7
40. a5 Qd6 41. g3 g6 42. Qg5 Ka8 43. Kg2 Qc6+ 44. Kh2 Qe6 45. b4 Qe2 46. Qd8+
Ka7 47. Qd4+ Ka8 48. Qe3 Qh5+ 49. Kg2 Qd5+ 50. Qf3 Qd6 51. Qe4 Qf6 52. c4 Qd6
53. b5 axb5 54. cxb5 Ka7 55. Qe3+ Kb8 56. b6 Qd5+ 57. f3 Qa2+ 58. Kh3 Qg8 59.
Qe5+ Ka8 60. Qe4 g5 61. a6 g4+ 62. fxg4 Qh8+ 63. Kg2 Qb2+ 64. Kf3 Qb3+ 65. Kf4
Qf7+ 66. Qf5 Qc4+ 67. Kg5 Qc1+ 68. Kh5 bxa6 69. Qd7 Qc5+ 70. g5 Qxb6 71. g6 Qc5+
72. Kh6 Qe3+ 73. Kh7 Qe4 74. g4 Qh1+ 75. Kg8 Qe4 76. g7 a5 77. Kf7 Qc4+ 78. Qe6
Qf4+ 79. Kg6 1-0

[Event "World Blitz Championship"]
[Site "Moscow RUS"]
[Date "2019.12.29"]
[EventDate "2019.12.29"]
[Round "9.21"]
[Result "1-0"]
[White "Maksim Chigaev"]
[Black "Hao Wang"]
[WhiteElo "2631"]
[BlackElo "2756"]
[PlyCount "84"]

1. e4 e5 2. Nf3 Nc6 3. d4 exd4 4. Nxd4 Bc5 5. Nb3 Bb6 6. Nc3 d6 7. Qe2 Nf6 8.
Be3 Be6 9. O-O-O Qe7 10. f3 O-O-O 11. Bxb6 axb6 12. Qe3 Bxb3 13. axb3 d5 14. Qg5
dxe4 15. Bc4 e3 16. Rde1 Rde8 17. Qxg7 Rhg8 18. Qh6 Kb8 19. g4 Qd6 20. Rxe3 Rxe3
21. Qxe3 Re8 22. Qd2 Qe7 23. g5 Nd7 24. Nd5 Qc5 25. Nc3 Nde5 26. Be2 Rd8 27. Qf4
Nd4 28. Kb1 Nxe2 29. Nxe2 b5 30. Nc3 b4 31. Ne4 Qa5 32. Re1 b6 33. Nd2 Rd5 34.
Nc4 Nxc4 35. Qxc4 Kb7 36. f4 Rd2 37. Qe4+ Ka7 38. Qxh7 Qc5 39. Rc1 Rf2 40. Qxf7
Rxh2 41. g6 Qe3 42. g7 1-0

[Event "World Blitz Championship"]
[Site "Moscow RUS"]
[Date "2019.12.29"]
[EventDate "2019.12.29"]
[Round "10.34"]
[Result "0-1"]
[White "Hao Wang"]
[Black "Salgado Lopez, Ivan"]
[WhiteElo "2756"]
[BlackElo "2605"]
[PlyCount "114"]

1. d4 Nf6 2. c4 g6 3. Nc3 d5 4. Nf3 Bg7 5. Bf4 O-O 6. e3 Be6 7. Rc1 dxc4 8. Ng5
Bd5 9. e4 h6 10. exd5 hxg5 11. Bxg5 Nxd5 12. Bxc4 Nb6 13. Bb3 Nc6 14. d5 Nd4 15.
O-O Qd7 16. Re1 Rfe8 17. h4 a5 18. a4 Nxb3 19. Qxb3 Bxc3 20. Rxc3 Nxd5 21. Rg3
Ra6 22. Re5 Rd6 23. Re4 b6 24. h5 Qf5 25. Rh4 Re6 26. hxg6 Rxg6 27. Rhg4 c6 28.
Qc4 e5 29. Bd2 Re6 30. Rxg6+ Rxg6 31. Rxg6+ Qxg6 32. b3 Qe6 33. f3 Nf4 34. Qc2
Ne2+ 35. Kf2 Nd4 36. Qc4 Nxb3 37. Qxe6 fxe6 38. Bc3 Nc5 39. Bxe5 Nxa4 40. Ke3 b5
41. Bc7 Nb2 42. Kd2 Nc4+ 43. Kc3 a4 44. g4 Kf7 45. Bf4 Nb6 46. Bd2 Nd5+ 47. Kd4
b4 48. Kc4 b3 49. Bc1 Nf4 50. Ba3 Kg6 51. Kb4 Nd3+ 52. Kc3 Ne5 53. Kb4 Nxf3 54.
Kxa4 Nd4 55. Bb2 e5 56. Kb4 Kg5 57. Kc4 Kxg4 0-1

[Event "World Blitz Championship"]
[Site "Moscow RUS"]
[Date "2019.12.29"]
[EventDate "2019.12.29"]
[Round "11.24"]
[Result "1/2-1/2"]
[White "AR Saleh Salem"]
[Black "Hao Wang"]
[WhiteElo "2675"]
[BlackElo "2756"]
[PlyCount "114"]

1. d4 Nf6 2. c4 e6 3. Nc3 d5 4. cxd5 Nxd5 5. e4 Nxc3 6. bxc3 c5 7. a3 Be7 8. Nf3
O-O 9. Bd3 cxd4 10. cxd4 b6 11. O-O Bb7 12. Qe2 Nd7 13. Bf4 Rc8 14. Rfe1 Nf6 15.
h3 Rc3 16. Bd2 Rc8 17. a4 a5 18. Reb1 Qc7 19. Ne5 Rfd8 20. Qe3 Qd6 21. Nf3 Qc7
22. Kh1 Ba8 23. Rb2 Bc6 24. Ne5 Be8 25. Nc4 Rb8 26. Qf4 Qa7 27. Be3 Bb4 28. Qh4
h6 29. e5 Nd5 30. Bxh6 gxh6 31. Qxh6 f6 32. exf6 Qf7 33. Ne5 Qxf6 34. Bh7+ Kh8
35. Bg6+ Kg8 36. Qh7+ Kf8 37. Rb3 Qg7 38. Rf3+ Nf6 39. Qh4 Be7 40. Bd3 Rbc8 41.
Rg3 Ng4 42. Qxg4 Qxg4 43. Rxg4 Bf6 44. Re1 Rc3 45. Bb5 Bxb5 46. axb5 a4 47. Nc6
Rd6 48. d5 exd5 49. Rxa4 d4 50. Rd1 d3 51. Ra2 Rb3 52. Rad2 Rxb5 53. Na7 Rbd5
54. Nc8 Rc6 55. Nxb6 Rxb6 56. Rxd3 Rxd3 57. Rxd3 1/2-1/2

[Event "World Blitz Championship"]
[Site "Moscow RUS"]
[Date "2019.12.29"]
[EventDate "2019.12.29"]
[Round "12.21"]
[Result "1-0"]
[White "Hao Wang"]
[Black "Alonso Rosell, Alvar"]
[WhiteElo "2756"]
[BlackElo "2548"]
[PlyCount "106"]

1. e4 c5 2. Nf3 d6 3. d4 cxd4 4. Nxd4 Nf6 5. Nc3 a6 6. Be3 e6 7. a3 Nbd7 8. g4
h6 9. Bg2 Ne5 10. h3 b5 11. Qe2 Bb7 12. Rd1 g5 13. f4 gxf4 14. Bxf4 Nfd7 15. O-O
Be7 16. Kh1 Qc7 17. Bg3 h5 18. gxh5 O-O-O 19. Bf4 Rdg8 20. h6 Kb8 21. Bc1 Bf8
22. Qh5 Bxh6 23. Bxh6 Rg6 24. Qe2 Rgxh6 25. Qe3 Ng4 26. Qg3 Nge5 27. Qe3 Rg6 28.
Qf4 Rhg8 29. Rf2 Rf6 30. Qh4 Rfg6 31. Qf4 Qb6 32. Re2 Ka7 33. a4 b4 34. Ndb5+
axb5 35. Nxb5+ Ka8 36. Nxd6 Rf6 37. Qh4 Nf3 38. Qh7 Rfg6 39. Nxb7 Nde5 40. Nd6
Nd4 41. Red2 Nef3 42. e5 Kb8 43. Qxf7 Nxd2 44. Rxd2 R6g7 45. Qf4 Nc6 46. Nc4 Qc5
47. b3 Ne7 48. Qf6 Nf5 49. Rd8+ Ka7 50. Rxg8 Rxg8 51. Qf7+ Ne7 52. Nd6 Qc7 53.
Nb5+ 1-0

[Event "World Blitz Championship"]
[Site "Moscow RUS"]
[Date "2019.12.30"]
[EventDate "2019.12.29"]
[Round "13.18"]
[Result "1/2-1/2"]
[White "Radoslaw Wojtaszek"]
[Black "Hao Wang"]
[WhiteElo "2725"]
[BlackElo "2756"]
[PlyCount "88"]

1. d4 Nf6 2. c4 e6 3. Nf3 d5 4. Nc3 c5 5. cxd5 Nxd5 6. e4 Nxc3 7. bxc3 cxd4 8.
cxd4 Bb4+ 9. Bd2 Bxd2+ 10. Qxd2 O-O 11. Bc4 Nd7 12. O-O b6 13. Rad1 Bb7 14. Rfe1
Rc8 15. Bb3 h6 16. h3 Qc7 17. Re3 Qf4 18. Qe2 Rfd8 19. Nh2 Nf6 20. f3 Ba6 21.
Qf2 Bc4 22. Ng4 Bxb3 23. Rxb3 Nxg4 24. hxg4 Rc1 25. Rb1 Rxb1 26. Rxb1 Qc7 27.
Qd2 Qc4 28. Rd1 b5 29. d5 exd5 30. exd5 Rd6 31. Kf2 b4 32. Kg3 a5 33. Qf4 Qc7
34. Rc1 g5 35. Rxc7 gxf4+ 36. Kxf4 Rxd5 37. Ra7 Kg7 38. Ke4 Rb5 39. f4 Rc5 40.
g3 Rc4+ 41. Kf5 Rc5+ 42. Ke4 Rc3 43. Rxa5 Rxg3 44. Kf5 b3 1/2-1/2

[Event "World Blitz Championship"]
[Site "Moscow RUS"]
[Date "2019.12.30"]
[EventDate "2019.12.29"]
[Round "14.15"]
[Result "1/2-1/2"]
[White "Hao Wang"]
[Black "Aleksandr Shimanov"]
[WhiteElo "2756"]
[BlackElo "2587"]
[PlyCount "120"]

1. e4 c6 2. Nc3 d5 3. Nf3 dxe4 4. Nxe4 Nf6 5. Qe2 Nxe4 6. Qxe4 Nd7 7. Bc4 Nf6 8.
Qe2 e6 9. O-O Bd6 10. d4 Qc7 11. Bg5 Nd5 12. Rad1 h6 13. Bc1 b6 14. Bd3 Bb7 15.
c4 Nf6 16. a3 O-O 17. h3 c5 18. dxc5 bxc5 19. b3 e5 20. Bc2 e4 21. Nh4 Rad8 22.
Nf5 Bh2+ 23. Kh1 Bf4 24. Be3 a5 25. Rxd8 Rxd8 26. Rd1 Rxd1+ 27. Qxd1 Bxe3 28.
Nxe3 g6 29. Qd2 h5 30. b4 axb4 31. axb4 cxb4 32. Qxb4 Bc6 33. Bb3 Nd7 34. Bc2
Qe5 35. Qa3 Kg7 36. Qa6 Qc5 37. Kg1 Ne5 38. Qa1 Kg8 39. Qd1 Kg7 40. Qd8 Nxc4 41.
Nxc4 Qxc4 42. Qd2 Qc5 43. Bb3 Qe5 44. Qe3 h4 45. Qa7 Qf6 46. Qc5 Bd7 47. Qa7 Bf5
48. Bc4 g5 49. Bd5 Bg6 50. Bc4 Qe5 51. Bf1 Kh6 52. Qb6 f5 53. Bc4 Kg7 54. Qb7+
Kh6 55. Qb6 f4 56. Bf7 Qg7 57. Bd5 Kh7 58. Qe6 e3 59. fxe3 fxe3 60. Qxe3 Kh6 1/2-1/2

[Event "World Blitz Championship"]
[Site "Moscow RUS"]
[Date "2019.12.30"]
[EventDate "2019.12.29"]
[Round "15.19"]
[Result "1/2-1/2"]
[White "David Paravyan"]
[Black "Hao Wang"]
[WhiteElo "2629"]
[BlackElo "2756"]
[PlyCount "116"]

1. e4 e5 2. Nf3 Nc6 3. Bb5 Nf6 4. d3 d6 5. c3 Bd7 6. O-O g6 7. Re1 Bg7 8. h3 O-O
9. Nbd2 Nh5 10. Nf1 Nd4 11. Nxd4 exd4 12. Bxd7 Qxd7 13. Bd2 c5 14. g4 dxc3 15.
bxc3 Nf6 16. Ng3 Qe7 17. Rb1 b6 18. Bf4 Nd7 19. d4 Rfe8 20. Qd2 Rac8 21. Rbd1
cxd4 22. cxd4 Rc4 23. Bg5 Qf8 24. Be3 Rec8 25. Rc1 Qd8 26. Rxc4 Rxc4 27. Rc1 Qc7
28. Rxc4 Qxc4 29. h4 Nf8 30. h5 Ne6 31. Ne2 g5 32. Bxg5 Bxd4 33. Be3 Bxe3 34.
Qxe3 Qxa2 35. Ng3 Qa1+ 36. Kg2 Qd4 37. Qf3 Qe5 38. Nf5 Ng5 39. Qa3 Qxe4+ 40. f3
Qe2+ 41. Kg3 Qe1+ 42. Kg2 Qe2+ 43. Kg3 Qe5+ 44. Kg2 a5 45. Qc1 Qe2+ 46. Kg3
Qxf3+ 47. Kh4 Ne6 48. Qc8+ Nf8 49. Ne7+ Kg7 50. Nf5+ Kg8 51. Ne7+ Kg7 52. Nf5+
Kg8 53. Ne7+ Kg7 54. Nf5+ Kg8 55. Ne7+ Kg7 56. Nf5+ Kg8 57. Ne7+ Kg7 58. Nf5+
Kg8 1/2-1/2

[Event "World Blitz Championship"]
[Site "Moscow RUS"]
[Date "2019.12.30"]
[EventDate "2019.12.29"]
[Round "16.20"]
[Result "1-0"]
[White "Hao Wang"]
[Black "Alexander Motylev"]
[WhiteElo "2756"]
[BlackElo "2640"]
[PlyCount "50"]

1. e4 e5 2. Nf3 Nc6 3. Bc4 Nf6 4. d3 Bc5 5. c3 d6 6. Nbd2 a6 7. Bb3 O-O 8. h3
Nh5 9. Nf1 Nf4 10. Bxf4 exf4 11. N1d2 Kh8 12. d4 Ba7 13. O-O f5 14. Re1 g5 15.
exf5 Bxf5 16. Bc2 d5 17. Ne5 Nxe5 18. Rxe5 Qd7 19. Bxf5 Rxf5 20. Qg4 Raf8 21.
Nf3 h6 22. Rae1 Qh7 23. Qh5 Bb8 24. Re6 Kg7 25. Ne5 1-0

[Event "World Blitz Championship"]
[Site "Moscow RUS"]
[Date "2019.12.30"]
[EventDate "2019.12.29"]
[Round "17.12"]
[Result "0-1"]
[White "Aleksandar Indjic"]
[Black "Hao Wang"]
[WhiteElo "2619"]
[BlackElo "2756"]
[PlyCount "68"]

1. d4 Nf6 2. Nf3 d5 3. c4 e6 4. Nc3 c5 5. cxd5 Nxd5 6. e4 Nxc3 7. bxc3 cxd4 8.
cxd4 Bb4+ 9. Bd2 Bxd2+ 10. Qxd2 O-O 11. Bc4 Nd7 12. O-O b6 13. Rfe1 Bb7 14. Rad1
Rc8 15. Bb3 h6 16. h4 Qc7 17. d5 exd5 18. exd5 Qd6 19. Nd4 Qf6 20. d6 Rfe8 21.
Rxe8+ Rxe8 22. Re1 Rxe1+ 23. Qxe1 Kf8 24. Qd2 Qxh4 25. Ba4 Qd8 26. Qc2 Nf6 27.
Qc7 Qxc7 28. dxc7 Ke7 29. Bc6 Bc8 30. Nb5 a6 31. Na7 Kd6 32. Nxc8+ Kxc6 33. Nd6
Kxc7 34. Ne8+ Nxe8 0-1

[Event "World Blitz Championship"]
[Site "Moscow RUS"]
[Date "2019.12.30"]
[EventDate "2019.12.29"]
[Round "18.8"]
[Result "1-0"]
[White "Hao Wang"]
[Black "Ahmed Adly"]
[WhiteElo "2756"]
[BlackElo "2607"]
[PlyCount "126"]

1. e4 c5 2. Nf3 d6 3. Bb5+ Bd7 4. Bxd7+ Qxd7 5. c4 Nc6 6. Nc3 g6 7. d4 cxd4 8.
Nxd4 Bg7 9. Nde2 Nf6 10. O-O O-O 11. f3 Rfc8 12. b3 a6 13. a4 Qd8 14. Be3 Nd7
15. Rb1 Nb4 16. Qd2 Nc5 17. Rfd1 Qe8 18. g3 Rd8 19. Kg2 Rac8 20. Bg5 Rd7 21. h4
h5 22. Bh6 Bxh6 23. Qxh6 Qf8 24. Qd2 e6 25. Qe3 Rcd8 26. Nf4 Qg7 27. Qd2 Qe5 28.
a5 Qf6 29. Nce2 Nc6 30. b4 Na4 31. Qc2 g5 32. hxg5 Qxg5 33. Qxa4 Ne5 34. Qb3 h4
35. Rh1 Rc8 36. Rxh4 Rxc4 37. Rh5 Qf6 38. Rxe5 dxe5 39. Nh5 Qd8 40. Qxc4 Rc7 41.
Qa2 Qd3 42. Rc1 Rxc1 43. Nxc1 Qc3 44. Ne2 Qxb4 45. Nf6+ Kg7 46. Ng4 Qc5 47. Qa1
f6 48. Qb2 Qxa5 49. Qxb7+ Kf8 50. Qc8+ Ke7 51. Qb7+ Kd6 52. Nxf6 Qa2 53. Qd7+
Kc5 54. Qc7+ Kb5 55. Kf2 a5 56. Nd7 Qd2 57. Qb6+ Kc4 58. Qc5+ Kb3 59. Qb5+ Kc2
60. Nxe5 a4 61. Qxa4+ Kb1 62. Qb3+ Ka1 63. Qc3+ 1-0

[Event "World Blitz Championship"]
[Site "Moscow RUS"]
[Date "2019.12.30"]
[EventDate "2019.12.29"]
[Round "19.5"]
[Result "1/2-1/2"]
[White "Vachier-Lagrave, Maxime"]
[Black "Hao Wang"]
[WhiteElo "2780"]
[BlackElo "2756"]
[PlyCount "118"]

1. Nf3 d5 2. g3 Nf6 3. Bg2 e6 4. O-O Be7 5. b3 O-O 6. Bb2 b6 7. c4 Bb7 8. cxd5
Nxd5 9. d4 Nd7 10. Nbd2 N5f6 11. Nc4 c5 12. Rc1 Rc8 13. Qd3 cxd4 14. Qxd4 Nc5
15. Rfd1 Qxd4 16. Nxd4 Bxg2 17. Kxg2 Ncd7 18. Nd2 Bc5 19. N2f3 a6 20. e3 b5 21.
Ne1 Bxd4 22. Bxd4 Nb8 23. Nd3 Nc6 24. Bxf6 gxf6 25. Nc5 Nb8 26. Ne4 Kg7 27. g4
Rc6 28. Rxc6 Nxc6 29. Rd6 Rc8 30. Kg3 a5 31. Rd7 Ne5 32. Ra7 Rc1 33. Kg2 Nxg4
34. h3 Ne5 35. Rxa5 b4 36. Ra7 f5 37. Nd6 Rd1 38. Nb5 Rd2 39. Nd4 Kf6 40. Kg3
Nd3 41. f4 Nc5 42. Nf3 Ne4+ 43. Kh4 Rd8 44. Ne5 Nd6 45. Kh5 Kg7 46. Nc6 Rc8 47.
Ne5 Rd8 48. Kh4 Kg8 49. Nc6 Re8 50. Nxb4 Rc8 51. Kg3 Ne4+ 52. Kf3 Rc1 53. Ke2
Rh1 54. Nc6 Rxh3 55. Nd8 Rh2+ 56. Ke1 Rh1+ 57. Ke2 Rh2+ 58. Ke1 Rh1+ 59. Ke2 1/2-1/2

[Event "World Blitz Championship"]
[Site "Moscow RUS"]
[Date "2019.12.30"]
[EventDate "2019.12.29"]
[Round "20.5"]
[Result "1/2-1/2"]
[White "Hao Wang"]
[Black "Jan-Krzysztof Duda"]
[WhiteElo "2756"]
[BlackElo "2758"]
[PlyCount "86"]

1. e4 c5 2. Nf3 g6 3. c3 d5 4. e5 Nc6 5. d4 cxd4 6. cxd4 Bg4 7. Bb5 Qb6 8. Bxc6+
bxc6 9. Nbd2 Qa6 10. Qe2 Qxe2+ 11. Kxe2 a5 12. h3 Bc8 13. Nb3 Ba6+ 14. Kd1 a4
15. Nc5 Bb5 16. Be3 e6 17. Rc1 h5 18. Rc3 Ne7 19. Kd2 Nc8 20. Ra3 Nb6 21. b3 Be7
22. Bg5 Bxc5 23. dxc5 axb3 24. Rxa8+ Nxa8 25. axb3 Nc7 26. Ra1 Ba6 27. Bf6 Rf8
28. g4 Kd7 29. gxh5 gxh5 30. Rg1 Bb5 31. Nd4 Na6 32. Ra1 Ra8 33. b4 Bc4 34. Ke3
Nc7 35. Rxa8 Nxa8 36. Kf4 Bd3 37. Kg5 Bg6 38. Kf4 Nc7 39. Ke3 Bf5 40. h4 Bg6 41.
Kd2 Be4 42. Kc3 Nb5+ 43. Nxb5 cxb5 1/2-1/2

[Event "World Blitz Championship"]
[Site "Moscow RUS"]
[Date "2019.12.30"]
[EventDate "2019.12.29"]
[Round "21.7"]
[Result "1/2-1/2"]
[White "Alireza Firouzja"]
[Black "Hao Wang"]
[WhiteElo "2723"]
[BlackElo "2756"]
[PlyCount "98"]

1. e4 e5 2. Nf3 Nc6 3. Bb5 Nf6 4. d3 Bc5 5. Bxc6 dxc6 6. O-O Bd6 7. Bg5 h6 8.
Bh4 Bg4 9. h3 Bxf3 10. Qxf3 Be7 11. Bg3 Nd7 12. Nd2 O-O 13. Nc4 Bf6 14. Qh5 g6
15. Qe2 Qe7 16. c3 Bg7 17. f4 exf4 18. Bxf4 Nc5 19. e5 Ne6 20. Bg3 Rad8 21. Rad1
c5 22. Nd2 Rd7 23. Ne4 Rfd8 24. Kh2 Rd5 25. Nf6+ Bxf6 26. Rxf6 Ng7 27. Rdf1 Rf8
28. Qe3 Nh5 29. Qxh6 Nxg3 30. Kxg3 Qxe5+ 31. R1f4 Rxd3+ 32. Kh2 Rd6 33. Rxd6
cxd6 34. Kg1 Re8 35. Rf3 Re6 36. a4 d5 37. a5 d4 38. Qd2 Qe1+ 39. Qxe1 Rxe1+ 40.
Kf2 Re7 41. cxd4 cxd4 42. Rd3 Re4 43. Rb3 Re7 44. Rd3 Re4 45. Rb3 Re5 46. Rxb7
Rd5 47. Rc7 d3 48. Rc1 Rxa5 49. Rd1 Rd5 1/2-1/2

[Event "FIDE Chess.com Online Nations Cup"]
[Site "chess.com INT"]
[Date "2020.05.06"]
[EventDate "2020.05.05"]
[Round "4.3"]
[Result "0-1"]
[White "Vidit Santosh Gujrathi"]
[Black "Wang Hao"]
[WhiteElo "2726"]
[BlackElo "2763"]
[PlyCount "58"]

1. d4 d5 2. c4 dxc4 3. e4 e5 4. Nf3 exd4 5. Bxc4 Nc6 6. O-O
Be6 7. Bb5 Bc5 8. b4 Bb6 9. a4 a6 10. Bxc6+ bxc6 11. a5 Ba7
12. Bb2 Nf6 13. Nbd2 O-O 14. Qc2 Re8 15. Rad1 Rb8 16. Ne5 Bd7
17. Ndc4 Rxb4 18. Qd2 c5 19. Bxd4 Rxc4 20. Ba1 Rd4 21. Bxd4
cxd4 22. Qf4 Bb5 23. Rfe1 Qd6 24. Nd3 Qxf4 25. Nxf4 Rxe4
26. Rxe4 Nxe4 27. Nd5 d3 28. Nxc7 Bxf2+ 29. Kh1 Bc4 0-1

[Event "FIDE Chess.com Online Nations Cup"]
[Site "chess.com INT"]
[Date "2020.05.08"]
[EventDate "2020.05.05"]
[Round "8.1"]
[Result "1/2-1/2"]
[White "Wang Hao"]
[Black "Vladislav Artemiev"]
[WhiteElo "2763"]
[BlackElo "2716"]
[PlyCount "138"]

1. e4 c5 2. Nf3 e6 3. c3 d5 4. exd5 Qxd5 5. d4 Nf6 6. Na3 Nc6
7. Nb5 Qd8 8. dxc5 Bxc5 9. Qxd8+ Kxd8 10. Bf4 Ne4 11. Be3 Bxe3
12. fxe3 Ke7 13. Nbd4 Bd7 14. Nxc6+ Bxc6 15. Nd4 Bd7 16. Be2
e5 17. Nb3 Rac8 18. Bf3 Nd6 19. O-O-O Be6 20. Bd5 b6 21. Bxe6
Kxe6 22. Rd3 Ne4 23. Rhd1 a5 24. a4 h5 25. Rd7 Rc6 26. Ra7 Nd6
27. Nd2 Rhc8 28. Kc2 R6c7 29. Rxc7 Rxc7 30. Kd3 f5 31. Ke2 g5
32. h3 h4 33. e4 fxe4 34. Rf1 g4 35. hxg4 Rg7 36. Rh1 Rxg4
37. Rh2 e3 38. Nf1 Rxa4 39. Nxe3 Rf4 40. Kd3 Rf2 41. c4 Rf4
42. b3 Rd4+ 43. Kc2 a4 44. Rh3 axb3+ 45. Kxb3 Rd3+ 46. Kb4 e4
47. Nd5 Rxh3 48. gxh3 Ke5 49. Kc3 b5 50. Ne7 bxc4 51. Ng6+ Kd5
52. Nxh4 Nb5+ 53. Kc2 Nd4+ 54. Kc3 Ne2+ 55. Kd2 Nf4 56. Nf5
Kc5 57. h4 Kb4 58. Ke3 c3 59. Nd4 Kc4 60. Kxe4 Nd5 61. Nc2
Nf6+ 62. Kf5 Nh5 63. Kg4 Nf6+ 64. Kf5 Ng8 65. h5 Kd3 66. Na3
c2 67. Nxc2 Kxc2 68. Kg5 Kd3 69. h6 Nxh6 1/2-1/2

[Event "FIDE Chess.com Online Nations Cup"]
[Site "chess.com INT"]
[Date "2020.05.09"]
[EventDate "2020.05.05"]
[Round "9.3"]
[Result "1/2-1/2"]
[White "Vidit Santosh Gujrathi"]
[Black "Wang Hao"]
[WhiteElo "2726"]
[BlackElo "2763"]
[PlyCount "60"]

1. c4 e5 2. g3 c6 3. Nf3 e4 4. Nd4 d5 5. cxd5 Qxd5 6. Nc2 Nf6
7. Nc3 Qe5 8. Bg2 Be7 9. Ne3 Na6 10. Qc2 Nb4 11. Qb1 Nbd5
12. Nxe4 Nxe3 13. fxe3 Nxe4 14. Qxe4 Qh5 15. Bf3 Qg6 16. Qxg6
hxg6 17. d3 Bf6 18. Rb1 a5 19. Bd2 Be6 20. a3 g5 21. Bc3 g4
22. Bxf6 gxf6 23. Bg2 Ke7 24. O-O Rh5 25. b4 Rb5 26. Rfc1 axb4
27. Rxb4 Rxb4 28. axb4 Ra2 29. b5 Rxe2 30. bxc6 bxc6 1/2-1/2